Score 0/24 Timer 03:00
0 Plays Today
TV Show Missing Word % Correct
Whose Line Is It ______?Anyway
97.3%
Father Knows ___Best
96.6%
America's Most ______Wanted
94%
________ DevelopmentArrested
92%
Are You Afraid of the ____? Dark
91.6%
______ and Butt-HeadBeavis
91.5%
7th ______Heaven
88.1%
The ___ CoupleOdd
87.8%
______ Night LightsFriday
87.5%
____ 'Til You DropShop
83.1%
______ & LaceyCagney
78.7%
______ in ChargeCharles
75.7%
TV Show Missing Word % Correct
Sledge ______!Hammer
72.2%
Get _____Smart
71.7%
______ WhoDoctor
58.9%
________ SG-1Stargate
54.9%
___ DwarfRed
38.9%
Family ___Guy
35.8%
________ For LifeGrounded
22.3%
Due _____South
21.5%
For ____ LoveYour
20%
______, Camera, Action!Police
4.8%
________ InBreaking
2.3%
New _________Amsterdam
1.7%

Today's Daily Dose

Remove Ads.
Support Sporcle.
Get the best of Sporcle when you Go Orange. This ad-free experience offers more features, more stats, and more fun while also helping to support Sporcle. Thank you for becoming a member.

You're not logged in!

Compare scores with friends on all Sporcle quizzes.
OR
Log In

Show Comments

Extras

Top Quizzes Today


Score Distribution

Your Account Isn't Verified!

In order to create a playlist on Sporcle, you need to verify the email address you used during registration. Go to your Sporcle Settings to finish the process.

Report this User

Report this user for behavior that violates our Community Guidelines.

Details: